Think and grow rich : (Record no. 9233)
[ view plain ]
| 000 -LEADER | |
|---|---|
| fixed length control field | 00695nam a22002177a 4500 |
| 003 - CONTROL NUMBER IDENTIFIER | |
| control field | OSt |
| 005 - DATE AND TIME OF LATEST TRANSACTION | |
| control field | 20140310182103.0 |
| 008 - FIXED-LENGTH DATA ELEMENTS--GENERAL INFORMATION | |
| fixed length control field | 130823t xxu||||| |||| 00| 0 eng d |
| 022 ## - INTERNATIONAL STANDARD SERIAL NUMBER | |
| Source | 9781585424337 |
| 050 ## - LIBRARY OF CONGRESS CALL NUMBER | |
| Classification number | HF 5386 |
| Item number | .H57 2005 |
| 082 ## - DEWEY DECIMAL CLASSIFICATION NUMBER | |
| Classification number | HS 650.122 |
| Item number | H 55 2005 |
| 100 ## - MAIN ENTRY--PERSONAL NAME | |
| Personal name | Hill, Napoleon |
| 9 (RLIN) | 12891 |
| 245 ## - TITLE STATEMENT | |
| Title | Think and grow rich : |
| Remainder of title | the landmark bestseller--now revised and updated for the 21st century / |
| Statement of responsibility, etc | Hill, Napoleon. |
| 260 ## - PUBLICATION, DISTRIBUTION, ETC. (IMPRINT) | |
| Place of publication, distribution, etc | New York : |
| Name of publisher, distributor, etc | Jeremy P. Tarcher/Penguin, |
| Date of publication, distribution, etc | 2005. |
| 300 ## - PHYSICAL DESCRIPTION | |
| Extent | 302 p. ; |
| Dimensions | 19 cm. |
| 600 ## - SUBJECT ADDED ENTRY--PERSONAL NAME | |
| Personal name | Napoleon, Hill |
| 9 (RLIN) | 12892 |
| 650 ## - SUBJECT ADDED ENTRY--TOPICAL TERM | |
| Topical term or geographic name as entry element | Arnegie, Andrew, 1835-1919 |
| 9 (RLIN) | 12893 |
| 650 ## - SUBJECT ADDED ENTRY--TOPICAL TERM | |
| Topical term or geographic name as entry element | Success in business |
| 9 (RLIN) | 442 |
| 942 ## - ADDED ENTRY ELEMENTS (KOHA) | |
| Source of classification or shelving scheme | Library of Congress Classification |
| Koha item type | |
| Withdrawn status | Lost status | Source of classification or shelving scheme | Damaged status | Home library | Current library | Shelving location | Date acquired | Total Checkouts | Total Renewals | Full call number | Barcode | Checked out | Date last seen | Date checked out | Copy number | Price effective from | Koha item type |
|---|---|---|---|---|---|---|---|---|---|---|---|---|---|---|---|---|---|
| Library of Congress Classification | Luxembourg Library | Luxembourg Library | High School Section | 08/23/2013 | 6 | 28 | HF 5386 .H57 2005 | 18143 | 08/15/2018 | 02/06/2018 | 02/06/2018 | 1 | 08/23/2013 | Books |